000 00584nam a22001937a 4500
003 OSt
005 20140814164630.0
008 140522b1997 col spa
020 _a958-7679-08-5
040 _cBMC
082 _a612.461
100 1 _922984
_aNakao, Ryoichi
245 1 0 _aOrinoterapia
_b: efectos sorprendentes : por qué se obtiene una mejoría progresiva
_cRyoichi Nakao, Kayoko Komiyama
260 _aMéxico, D.F.
_bHerbal
_c1997
300 _a187 p.
_c21 cm
650 2 4 _922986
_aOrina
_xUso terapéutico
700 1 _922985
_aKomiyama, Kayoko
942 _2ddc
_cBK
999 _c12598
_d12598